000 01021nam a2200253Ia 4500
999 _c64390
_d64390
005 20240530110729.0
008 140319s2007 ua a g b 000 0 ara d
017 _a2005/5926
_bمصر. دار الكتب
040 _aGCL /
_cGCL
082 0 4 _a025/
_bج أ
_221
100 0 _aجيهان محمود السيد احمد
245 1 2 _aالاساليب الاحصائية فى المكتبات والمعلومات /
_cجيهان محمود السيد احمد
250 _aط.1
260 _aالقاهرة :
_bدار الثقافة العلمية،
_c2007.
300 _a343 ص :
_bايض ؛
_c24 سم +
_eملاحق.
504 _aيشتمل على ارجاعات ببليوجرافية
650 0 7 _aقواعد البيانات
_2qrmak
650 0 7 _aنظم المعلومات
_2qrmak
650 0 7 _aشبكات المكتبات والمعلومات
_2qrmak
650 0 7 _2qrmak
_aالمكتبات، علم
651 _2qrmak
653 0 _aالمكتبات - الاساليب الاحصائية
942 _2ddc
_cBK